| 000 | 00945nam a2200241 a 4500 | ||
|---|---|---|---|
| 008 | 120416s1990 ||||||||||||||||| || u | ||
| 020 | _a0029184657 | ||
| 050 | _aHD 57.7 Kot | ||
| 100 | _aKotter, John P., 1947- | ||
| 245 | 1 | 2 | _aA force for change |
| 246 | _ahow leadership differs from management | ||
| 260 |
_aNew York _bFree Press Collier MacMillan _c1990 |
||
| 300 | _axi, 180p. : ill | ||
| 350 | _a0.00 | ||
| 500 | _aIncludes bibliographical references (p. 173-175). | ||
| 650 | _aINDUSTRY | ||
| 650 | 0 | _aLEADERSHIP | |
| 650 | 0 | _aINDUSTRIAL MANAGEMENT | |
| 856 | _uhttp://www.loc.gov/catdir/bios/simon051/89077323.html | ||
| 856 | _uhttp://www.loc.gov/catdir/description/simon033/89077323.html | ||
| 856 | _uhttp://www.loc.gov/catdir/samples/simon031/89077323.html | ||
| 995 |
_D0.00 _FCBU-MAIN LIBRARY (Kitwe) _H1 _I22.95 _M1 _UAVAILABLE _ZMain Library Open Access Collection |
||
| 999 |
_c43710 _d43710 |
||